[Event "AUTO-OPEN-888"]
[Site "http://www.queenalice.com/game.php?id=297554"]
[Date "2007.11.3"]
[Round "1"]
[White "jeffersonchess"]
[Black "mattbel"]
[Result "1-0"]
[WhiteElo "2000"]
[BlackElo "1583"]

1. d4 e6 2. c4 d5 3. Nc3 Bb4 4. e3 Nf6 5. Bd2 O-O 6. a3 Bxc3 7. Bxc3 b6 8. Nf3
Ba6 9. Qb3 b5 10. cxb5 Bb7 11. a4 a6 12. Ne5 c6 13. b6 Ne4 14. a5 f6 15. Nd3 Qd7
16. Bb4 Re8 17. f3 Ng5 18. Nc5 Qf7 19. Bd3 Rd8 20. Qc2 f5 21. O-O Qg6 22. Nxb7
Rd7 23. Nc5 Rf7 24. f4 Nh3+ 25. Kh1 Qg4 26. gxh3 Qxh3 27. Qe2 Nd7 28. Qf3 Qh6
29. Nxa6 Nf6 30. h3 Re8 31. Nc5 Nd7 32. Nxd7 Rxd7 33. a6 g5 34. fxg5 Qh4 35. Be1
Qxg5 36. Rg1 Qxg1+ 37. Kxg1 Rg7+ 38. Kh2 Rf8 39. Bf2 Rf6 40. Rg1 Rfg6 41. Rxg6
Rxg6 42. a7 Kg7 43. a8=Q Kh6 44. Qf4+ Rg5 45. Qh4+ Rh5 46. Qf8+ Kg6 47. Qhf6#
1-0

[Event "AUTO-OPEN-888"]
[Site "http://www.queenalice.com/game.php?id=297555"]
[Date "2007.11.3"]
[Round "1"]
[White "mattbel"]
[Black "jeffersonchess"]
[Result "0-1"]
[WhiteElo "1601"]
[BlackElo "2021"]

1. e4 e6 2. d4 d5 3. exd5 exd5 4. Nf3 Nf6 5. Bd3 Be7 6. O-O O-O 7. Bg5 h6 8.
Bxf6 Bxf6 9. c3 c6 10. b4 Be6 11. Bc2 Qd7 12. Qd3 g6 13. Na3 Kg7 14. Rae1 Na6
15. Re2 Bf5 16. Qd2 Bxc2 17. Qxc2 Rae8 18. Rfe1 Rxe2 19. Rxe2 Re8 20. g3 Re6 21.
Rxe6 Qxe6 22. b5 Nc7 23. bxc6 bxc6 24. c4 Qg4 25. Qd3 Qe4 26. Qxe4 dxe4 27. Nd2
Bxd4 28. Nxe4 Ne8 29. Nc2 Bb6 30. h4 f5 31. Nc3 Nd6 32. Nb4 c5 33. Nc6 Nxc4 34.
a4 Kf6 35. Nb5 a6 36. Nc3 Ke6 37. Nb8 a5 38. Kg2 g5 39. hxg5 hxg5 40. f4 g4 41.
Kf2 Kd6 42. Nb5+ Kd5 43. Nd7 Ke6 44. Nf8+ Kd5 45. Nc3+ Kd4 46. Nb5+ Kd5 47. Ke2
Nd6 48. Nc3+ Kc6 49. Kd3 Ba7 50. Ne6 Bb6 51. Nf8 Bd8 52. Ne6 Bf6 53. Nb5 Nxb5
54. axb5+ Kxb5 55. Kc2 Kb4 56. Nc7 Bd8 57. Nd5+ Kc4 58. Ne3+ Kd4 59. Nxf5+ Ke4
60. Nd6+ Kf3 61. f5 Kxg3 62. Ne4+ Kf4 63. f6 Kxe4 64. f7 Be7 65. Kc3 g3 66. Kc4
g2 67. Kb5 g1=Q 68. Kc6 Qg6+ 69. Kb5 Qxf7 70. Kxa5 Qa2+ 71. Kb5 Qb3+ 72. Kc6
Qd5+ 0-1

[Event "AUTO-OPEN-888"]
[Site "http://www.queenalice.com/game.php?id=297556"]
[Date "2007.11.3"]
[Round "1"]
[White "jeffersonchess"]
[Black "Darksnake"]
[Result "1-0"]
[WhiteElo "1977"]
[BlackElo "1573"]

1. d4 d5 2. c4 c6 3. Nc3 Nf6 4. Nf3 e6 5. Bf4 Nbd7 6. e3 Qb6 7. Qc2 c5 8. a3 Be7
9. dxc5 Nxc5 10. b4 Nce4 11. c5 Qc6 12. Bb5 O-O 13. Bxc6 bxc6 14. Ne5 Bb7 15. f3
Nxc3 16. Qxc3 Nh5 17. Bg3 f6 18. Nd3 e5 19. Bf2 g6 20. O-O Ba6 21. Rfb1 Ng7 22.
a4 e4 23. fxe4 dxe4 24. Nf4 Rad8 25. Rd1 Bc8 26. Qc2 Bg4 27. Rxd8 Rxd8 28. h3
Bf5 29. Rd1 g5 30. Rxd8+ Bxd8 31. Ne2 Ne6 32. Nd4 Nxd4 33. exd4 h5 34. b5 cxb5
35. axb5 Bg6 36. c6 Bc7 37. d5 f5 38. Bxa7 1-0

[Event "AUTO-OPEN-888"]
[Site "http://www.queenalice.com/game.php?id=297557"]
[Date "2007.11.3"]
[Round "1"]
[White "Darksnake"]
[Black "jeffersonchess"]
[Result "0-1"]
[WhiteElo "1527"]
[BlackElo "2004"]

1. d4 Nf6 2. Nf3 g6 3. e3 d5 4. Nc3 Bg7 5. Be2 O-O 6. O-O c6 7. Na4 Re8 8. c4
Bg4 9. Nc5 b6 10. Nd3 Nbd7 11. Nfe5 Bxe2 12. Qxe2 dxc4 13. Nxc4 Rc8 14. Bd2 Qc7
15. Nce5 Nxe5 16. Nxe5 Nd7 17. Nf3 e5 18. Qc4 exd4 19. exd4 c5 20. Rac1 Qb7 21.
dxc5 Rxc5 22. Qb3 Rec8 23. h3 R8c6 24. Ng5 Nf6 25. Be3 Rxc1 26. Bxc1 Qc7 27. Be3
h6 28. Nf3 Ne4 29. Qb4 Nc5 30. Nd4 Bxd4 31. Qxd4 Ne6 32. Qe4 Rc4 33. Qd3 Rc2 34.
Qb5 Kh7 35. g3 Qc6 36. Qb4 Rc4 37. Qa3 Qc7 38. Bd2 Nd4 39. Qe3 Nf5 40. Qd3 Qc6
41. Re1 Rd4 42. Qe2 Qd7 43. Bc3 Rd5 44. a3 Nd4 0-1

[Event "AUTO-OPEN-888"]
[Site "http://www.queenalice.com/game.php?id=297558"]
[Date "2007.11.3"]
[Round "1"]
[White "jeffersonchess"]
[Black "Miki"]
[Result "1-0"]
[WhiteElo "1949"]
[BlackElo "1249"]

1. d4 Nf6 2. c4 Nc6 3. Nc3 e5 4. d5 Nd4 5. e3 Nf5 6. Bd3 g6 7. Nge2 Bb4 8. Qc2
d6 9. Bd2 Bxc3 10. Nxc3 Bd7 11. O-O O-O 12. f4 c5 13. Bxf5 Bxf5 14. e4 Bd7 15.
fxe5 Ng4 16. exd6 Qh4 17. h3 f5 18. hxg4 fxg4 19. Ne2 g3 20. Nxg3 Qxg3 21. Qc3
Qxd6 22. Bh6 Rxf1+ 23. Rxf1 b5 24. Qg7# 1-0

[Event "AUTO-OPEN-888"]
[Site "http://www.queenalice.com/game.php?id=297559"]
[Date "2007.11.3"]
[Round "1"]
[White "Miki"]
[Black "jeffersonchess"]
[Result "0-1"]
[WhiteElo "1384"]
[BlackElo "1932"]

1. c4 Nf6 2. g3 d6 3. Bg2 e5 4. Nf3 Nc6 5. Qa4 Bd7 6. b3 Nd4 7. Qb4 Nc2+ 8. Kf1
Nxb4 9. Nc3 Be7 10. Ba3 Nc2 11. Rc1 Nxa3 0-1

[Event "AUTO-ADV-717"]
[Site "http://www.queenalice.com/game.php?id=306388"]
[Date "2007.11.19"]
[Round "1"]
[White "silverhawks"]
[Black "jeffersonchess"]
[Result "0-1"]
[WhiteElo "2085"]
[BlackElo "1980"]

1. d4 Nf6 2. c4 g6 3. Nc3 d5 4. c5 c6 5. e3 Bg7 6. Nf3 Bg4 7. Be2 Nbd7 8. O-O
O-O 9. h3 Bxf3 10. Bxf3 e5 11. a4 e4 12. Be2 Ne8 13. Bd2 f5 14. a5 a6 15. Ra4
Bh6 16. Qb3 Qc7 17. Rfa1 Rb8 18. Rb4 Ng7 19. Rd1 Ne6 20. Na4 f4 21. Bg4 Nd8 22.
exf4 Bxf4 23. Bxf4 Rxf4 24. Re1 h5 25. Bxd7 Qxd7 26. Nb6 Qf7 27. Re2 Ne6 28. Qg3
Kh7 29. b3 Rf8 30. Ra4 Kh6 31. Qe3 Kh7 32. g3 Rf3 33. Nd7 Rxe3 34. Nxf8+ Qxf8
35. Rxe3 Qf6 36. Rb4 Qg7 37. Rb6 Nxd4 38. b4 Nf3+ 39. Kg2 Kh6 40. Ra3 Qb2 41.
Re3 Qb1 0-1

[Event "AUTO-ADV-717"]
[Site "http://www.queenalice.com/game.php?id=306389"]
[Date "2007.11.19"]
[Round "1"]
[White "jeffersonchess"]
[Black "silverhawks"]
[Result "1/2-1/2"]
[WhiteElo "2002"]
[BlackElo "2049"]

1. d4 d5 2. c4 dxc4 3. Nc3 a6 4. a4 c6 5. e4 b5 6. axb5 cxb5 7. Nxb5 Bd7 8. Nc3
e6 9. Bxc4 Nc6 10. Nge2 f5 11. e5 Bb4 12. O-O Nge7 13. Rxa6 Rxa6 14. Bxa6 O-O
15. Bd3 Ng6 16. f4 Qb6 17. Bc2 Be7 18. Kh1 Nb4 19. Be3 Nxc2 20. Qxc2 Qb7 21. Bf2
Rc8 22. Qd2 Bc6 23. Rg1 Rb8 24. h3 Qxb2 25. Qxb2 Rxb2 26. Rb1 Rxb1+ 27. Nxb1 Bb4
28. Kg1 Be4 29. Nbc3 Bxc3 30. Nxc3 Nxf4 31. Nxe4 fxe4 32. Kf1 Kf7 33. Be3 Nd3
34. Ke2 Nb4 35. Bd2 Nc2 36. Bc1 Nxd4+ 37. Ke3 Nf5+ 38. Kxe4 Ng3+ 39. Kf3 Nf5 40.
g4 Nd4+ 41. Ke4 Nb5 42. Bd2 Nc7 43. h4 Nd5 44. h5 1/2-1/2

[Event "AUTO-ADV-717"]
[Site "http://www.queenalice.com/game.php?id=306400"]
[Date "2007.11.19"]
[Round "1"]
[White "guzanito"]
[Black "jeffersonchess"]
[Result "1-0"]
[WhiteElo "2100"]
[BlackElo "1984"]

1. e4 e6 2. d4 d5 3. e5 c5 4. c3 Nc6 5. Nf3 Qb6 6. Bd3 Bd7 7. O-O cxd4 8. cxd4
Nxd4 9. Ng5 h6 10. Qh5 g6 11. Bxg6 hxg5 12. Bxf7+ Kd8 13. Bxg5+ 1-0

[Event "AUTO-ADV-717"]
[Site "http://www.queenalice.com/game.php?id=306401"]
[Date "2007.11.19"]
[Round "1"]
[White "jeffersonchess"]
[Black "guzanito"]
[Result "1/2-1/2"]
[WhiteElo "2009"]
[BlackElo "2094"]

1. d4 d5 2. c4 c6 3. Nc3 Nf6 4. e3 g6 5. Nf3 Bg7 6. Be2 O-O 7. O-O Nbd7 8. b4
Ne4 9. Bb2 Nxc3 10. Bxc3 Nf6 11. a4 Ne4 12. Bb2 Bg4 13. h3 Bd7 14. Nd2 Nxd2 15.
Qxd2 dxc4 16. Bxc4 Re8 17. Rad1 Qc7 18. Bb3 Rad8 19. Qc1 e5 20. d5 Qb6 21. Ba3
a5 22. Qc5 Qxc5 23. bxc5 cxd5 24. Rxd5 Be6 25. Rxd8 Rxd8 26. Bxe6 fxe6 27. Rc1
Rc8 28. Rb1 Bf8 29. Rxb7 Bxc5 30. Bxc5 Rxc5 31. Rb5 Rd5 32. e4 Rd4 33. Rxa5 Rxe4
34. Rb5 Rxa4 35. Rxe5 Kf7 36. g3 Kf6 37. Rb5 Ra2 38. Kg2 g5 39. Rc5 h5 40. Rb5
1/2-1/2

[Event "AUTO-ADV-717"]
[Site "http://www.queenalice.com/game.php?id=306406"]
[Date "2007.11.19"]
[Round "1"]
[White "alvarogoulart"]
[Black "jeffersonchess"]
[Result "1/2-1/2"]
[WhiteElo "1706"]
[BlackElo "2023"]

1. e4 e6 2. Bc4 d5 3. exd5 exd5 4. Bb5+ c6 5. Bd3 Nf6 6. c4 Be6 7. Nc3 dxc4 8.
Bc2 Be7 9. h3 Nd5 10. Nf3 Nd7 11. O-O O-O 12. d3 cxd3 13. Qxd3 N7f6 14. Bg5 Nb4
15. Qxd8 Raxd8 16. Bb3 Bxb3 17. axb3 a6 18. Ne4 h6 19. Bxf6 Bxf6 20. Nxf6+ gxf6
21. Rad1 Kg7 22. Nh4 Rfe8 23. Rxd8 Rxd8 24. Nf5+ Kh7 25. Re1 Rd7 26. Re4 Nd3 27.
Rh4 Kg6 28. g4 Kg5 29. Rxh6 Nxb2 30. Rh5+ Kf4 31. Ne3 Rd6 32. Rh7 Nd1 33. Ng2+
Kf3 34. Nh4+ Ke2 35. Rxf7 Nxf2 36. Kg2 Nd1 37. Rxb7 Ne3+ 38. Kg3 Nf1+ 39. Kf4
Rd3 40. Kf5 Rxh3 41. Ng6 Rf3+ 42. Ke6 Nd2 43. b4 Nb3 44. Rb6 Kf2 45. Kf7 Nd4 46.
Rxa6 Kg3 47. Ne7 Kxg4 48. Nxc6 Nxc6 49. Rxc6 f5 50. b5 Rb3 51. b6 f4 52. Rg6+
Kf3 53. Ke7 Ke4 54. Kd7 f3 55. Kc7 f2 56. Rf6 Rf3 57. Rxf3 Kxf3 58. b7 f1=Q 59.
b8=Q Qc1+ 60. Kb7 Qb2+ 61. Kc8 Qc3+ 62. Qc7 Qh8+ 63. Kb7 1/2-1/2

[Event "AUTO-ADV-717"]
[Site "http://www.queenalice.com/game.php?id=306407"]
[Date "2007.11.19"]
[Round "1"]
[White "jeffersonchess"]
[Black "alvarogoulart"]
[Result "1-0"]
[WhiteElo "2006"]
[BlackElo "1671"]

1. d4 g6 2. c4 Bg7 3. Nc3 b6 4. e4 Bb7 5. Bd3 Bxd4 6. Nge2 Bxc3+ 7. Nxc3 Nc6 8.
f4 e6 9. O-O Nge7 10. a3 Nd4 11. Be3 Nec6 12. b4 e5 13. b5 Na5 14. fxe5 Ne6 15.
Nd5 Bxd5 16. exd5 Ng5 17. Qg4 h6 18. Rf6 Nb3 19. Rd1 Nc5 20. Bxg5 Nxd3 21. Re6+
dxe6 22. Bxd8 Nxe5 23. Qd4 Rxd8 24. Qxe5 O-O 25. d6 cxd6 26. Rxd6 Rc8 27. Qd4 h5
28. a4 Rce8 29. Rd7 e5 30. Qe4 f5 31. Qd5+ Kh8 32. Qb7 Rb8 33. Rh7+ Kg8 34. Qg7#
1-0

[Event "AUTO-BEG-43"]
[Site "http://www.queenalice.com/game.php?id=371149"]
[Date "2008.3.14"]
[Round "3"]
[White "jeffersonchess"]
[Black "FMP"]
[Result "1-0"]
[WhiteElo "2002"]
[BlackElo "1949"]

1. d4 Nf6 2. c4 g6 3. Nc3 Bg7 4. Nf3 O-O 5. e4 d6 6. Be2 e5 7. d5 Nbd7 8. Bg5 h6
9. Bh4 g5 10. Bg3 Nh5 11. Nd2 Nxg3 12. hxg3 Nf6 13. Bh5 Nxh5 14. Qxh5 Qf6 15. f3
Qg6 16. g4 c6 17. b3 cxd5 18. Nxd5 Qxh5 19. Rxh5 Bd7 20. Kf2 Be6 21. Ne7+ Kh7
22. Nf5 Bxf5 23. gxf5 f6 24. Nf1 Rab8 25. Ne3 b5 26. cxb5 Rxb5 27. Rah1 Rc5 28.
Ng4 Rc2+ 29. Kg3 Rxa2 30. Nxh6 Bxh6 31. Rxh6+ Kg8 32. Rg6+ Kf7 33. Rh7+ Ke8 34.
Rgg7 a5 35. Ra7 1-0

[Event "AUTO-BEG-43"]
[Site "http://www.queenalice.com/game.php?id=371150"]
[Date "2008.3.14"]
[Round "3"]
[White "FMP"]
[Black "jeffersonchess"]
[Result "1-0"]
[WhiteElo "1945"]
[BlackElo "2016"]

1. e4 e6 2. d4 d5 3. e5 c5 4. c3 Nc6 5. Nf3 Qc7 6. Be2 Nge7 7. Na3 Ng6 8. Be3 a6
9. O-O cxd4 10. cxd4 Bxa3 11. bxa3 O-O 12. Qd2 Bd7 13. Rfc1 Qa5 14. Qb2 b5 15.
Bd2 Qb6 16. Bb4 Nxb4 17. axb4 Rfc8 18. a3 Rxc1+ 19. Rxc1 Rc8 20. Rc5 Rxc5 21.
dxc5 Qc7 22. g3 Bc6 23. Bd3 Ne7 24. Qe2 Qb7 25. Nd4 g6 26. Qf3 Qc7 27. Qe3 Kg7
28. Qg5 Ng8 29. f4 h6 30. Qg4 Bd7 31. h4 Ne7 32. h5 Qc8 33. Qh4 Ng8 34. g4 gxh5
35. Qxh5 a5 36. f5 axb4 37. axb4 exf5 38. Bxf5 1-0

[Event "AUTO-OPEN-888"]
[Site "http://www.queenalice.com/game.php?id=413850"]
[Date "2008.6.6"]
[Round "2"]
[White "jeffersonchess"]
[Black "Ikki_de_Fenix"]
[Result "0-1"]
[WhiteElo "2017"]
[BlackElo "2319"]

1. d4 Nf6 2. c4 g6 3. Nc3 Bg7 4. Nf3 O-O 5. e4 d6 6. Be2 Nbd7 7. Be3 b6 8. O-O
Bb7 9. Rc1 Nxe4 10. Nxe4 Bxe4 11. Nd2 Bb7 12. Bf3 Bxf3 13. Nxf3 c5 14. b3 a5 15.
a4 Nb8 16. d5 Nd7 17. Qd2 Ne5 18. Nxe5 Bxe5 19. f4 Bg7 20. f5 Qd7 21. Qc2 Be5
22. Rf3 Kg7 23. Rh3 Rh8 24. Bh6+ Kg8 25. Rf1 Rb8 26. Rhf3 Bd4+ 27. Kh1 Qe8 28.
fxg6 hxg6 29. Be3 Bf6 30. g3 Qd7 31. Qd2 Qh3 32. Qg2 Kg7 33. Qxh3 Rxh3 34. Kg2
Rbh8 35. Rh1 g5 36. Bc1 Kg6 37. Bd2 e5 38. Bc3 g4 39. Rf2 Bg5 40. Bd2 f5 41.
Bxg5 Kxg5 42. Rb2 f4 43. gxf4+ exf4 0-1

[Event "AUTO-OPEN-888"]
[Site "http://www.queenalice.com/game.php?id=413851"]
[Date "2008.6.6"]
[Round "2"]
[White "Ikki_de_Fenix"]
[Black "jeffersonchess"]
[Result "1-0"]
[WhiteElo "2235"]
[BlackElo "2009"]

1. e4 e6 2. d4 d5 3. Nd2 c5 4. Ngf3 dxe4 5. Nxe4 cxd4 6. Qxd4 Qxd4 7. Nxd4 Bd7
8. Bf4 Nc6 9. Nb5 e5 10. Be3 Kd8 11. O-O-O 1-0

[Event "AUTO-OPEN-888"]
[Site "http://www.queenalice.com/game.php?id=413852"]
[Date "2008.6.6"]
[Round "2"]
[White "jeffersonchess"]
[Black "thw"]
[Result "1-0"]
[WhiteElo "2004"]
[BlackElo "1924"]

1. d4 e6 2. c4 d5 3. Nc3 Nf6 4. Nf3 Nbd7 5. c5 b6 6. cxb6 cxb6 7. Bg5 h6 8. Bh4
Be7 9. e3 O-O 10. Bd3 Bb7 11. O-O Rc8 12. a3 Nh7 13. Bxe7 Qxe7 14. Rc1 Nhf6 15.
Nd2 Qd6 16. Nb5 Qb8 17. Qb3 a6 18. Nc3 b5 19. Ne2 Nb6 20. Qa2 Rxc1 21. Rxc1 Rc8
22. b3 Rxc1+ 23. Nxc1 Qc7 24. Qc2 Qd6 25. Nb1 Bc6 26. f3 g6 27. g3 Kg7 28. Kg2
Nfd7 29. Ne2 f5 30. f4 Nf6 31. Ng1 g5 32. Nf3 Ng4 33. Qc1 gxf4 34. exf4 Nf6 35.
Ne5 Be8 36. h3 Ne4 37. Qc2 Nf6 38. Qc1 Ne4 39. Bxe4 dxe4 40. Qc5 Qxc5 41. dxc5
Nd5 42. Kf2 a5 43. Ke1 h5 44. h4 Nc7 45. Nc3 Na6 46. c6 b4 47. axb4 axb4 48. Nb5
Kf8 49. c7 1-0

[Event "Challenge"]
[Site "http://www.queenalice.com/game.php?id=419604"]
[Date "2008.6.18"]
[Round "-"]
[White "gilberth1"]
[Black "jeffersonchess"]
[Result "0-1"]
[WhiteElo "1532"]
[BlackElo "2002"]

1. d4 Nf6 2. Nc3 d5 3. e3 Bf5 4. Bd3 Bxd3 5. cxd3 Nc6 6. Qb3 Rb8 7. Nf3 e6 8.
O-O Be7 9. Ne5 Nxe5 10. dxe5 Nd7 11. d4 f5 12. a4 O-O 13. f4 c5 14. e4 fxe4 15.
Be3 cxd4 16. Bxd4 Bc5 0-1

[Event "AUTO-ADV-698"]
[Site "http://www.queenalice.com/game.php?id=437377"]
[Date "2008.7.22"]
[Round "2"]
[White "kulalking"]
[Black "jeffersonchess"]
[Result "1-0"]
[WhiteElo "2337"]
[BlackElo "2010"]

1. e4 e6 2. d4 d5 3. e5 c5 4. c3 Nc6 5. Nf3 cxd4 6. cxd4 Bb4+ 7. Bd2 Bxd2+ 8.
Qxd2 Bd7 9. Nc3 a6 10. Be2 Nge7 11. O-O O-O 12. Bd3 Qb6 13. Rac1 Rac8 14. Rfe1
Ng6 15. Na4 Qa7 16. Nc5 b5 17. Qe3 Na5 18. Ng5 Rfe8 19. Qf3 Bc6 20. Qh5 1-0

[Event "AUTO-ADV-698"]
[Site "http://www.queenalice.com/game.php?id=437378"]
[Date "2008.7.22"]
[Round "2"]
[White "jeffersonchess"]
[Black "kulalking"]
[Result "0-1"]
[WhiteElo "2013"]
[BlackElo "2335"]

1. d4 Nf6 2. c4 e5 3. d5 Bb4+ 4. Bd2 Qe7 5. a3 Bxd2+ 6. Nxd2 O-O 7. e4 c6 8.
Ngf3 d6 9. Be2 Nh5 10. Nb3 f5 11. Nbd2 fxe4 12. Nxe4 Nf4 13. O-O cxd5 14. cxd5
Bf5 15. Nc3 Nd7 16. b4 Rac8 17. Rc1 Nb6 0-1

[Event "AUTO-ADV-698"]
[Site "http://www.queenalice.com/game.php?id=437379"]
[Date "2008.7.22"]
[Round "2"]
[White "Ikki_de_Fenix"]
[Black "jeffersonchess"]
[Result "1-0"]
[WhiteElo "2362"]
[BlackElo "1981"]

1. e4 e6 2. d4 d5 3. Nc3 c5 4. exd5 exd5 5. dxc5 Bxc5 6. Qxd5 Qxd5 7. Nxd5 Bd6
8. Ne2 Be6 9. Bf4 Bxd5 10. Bxd6 Nc6 11. O-O-O Be6 12. Nf4 O-O-O 13. Nxe6 fxe6
14. Bc4 Re8 15. Rhe1 e5 16. Bf7 Nf6 17. Bxe8 Rxe8 18. f3 b6 19. Re2 Kb7 20. Rde1
Nd7 21. f4 g6 22. fxe5 Re6 23. Re4 1-0

[Event "AUTO-ADV-698"]
[Site "http://www.queenalice.com/game.php?id=437380"]
[Date "2008.7.22"]
[Round "2"]
[White "jeffersonchess"]
[Black "Ikki_de_Fenix"]
[Result "0-1"]
[WhiteElo "1983"]
[BlackElo "2361"]

1. d4 Nf6 2. c4 e5 3. d5 Bc5 4. e3 d6 5. Nc3 O-O 6. Bd3 Re8 7. Nge2 Bd7 8. a3 a5
9. O-O e4 10. Bc2 Bg4 11. h3 Bh5 12. Qe1 g5 13. Ng3 Bg6 14. Bd2 c6 15. Qb1 cxd5
16. cxd5 Qe7 17. Nce2 Nxd5 18. Bc3 Nxc3 19. Nxc3 f5 20. Nd5 Qd8 21. Bb3 Kf8 22.
Qc2 Nc6 23. Ne2 Rc8 24. Qd2 b5 0-1

[Event "Challenge"]
[Site "http://www.queenalice.com/game.php?id=440644"]
[Date "2008.7.29"]
[Round "-"]
[White "vininb"]
[Black "jeffersonchess"]
[Result "1-0"]
[WhiteElo "1810"]
[BlackElo "2007"]

1. e4 e6 2. d4 d5 3. Nd2 c5 4. Ngf3 Nc6 5. exd5 exd5 6. Bb5 a6 7. Bxc6+ bxc6 8.
O-O Be6 9. Re1 Nf6 10. Ng5 Qd7 11. Qe2 Ke7 12. Nxe6 Qxe6 13. Qd1 Ne4 14. f3 Nxd2
15. Rxe6+ fxe6 16. Bxd2 h6 17. dxc5 Kd7 18. Bf4 Bxc5+ 19. Kf1 Rhf8 20. Bd2 Rab8
21. Bc3 Rf7 22. a3 Be7 23. Qe2 Bd6 24. Qxa6 Bxh2 25. Kf2 Bd6 26. Qa7+ Ke8 27.
Qa6 Kd7 28. b3 h5 29. Bb4 1-0